[Event "4th Norway Chess 2016"]
[Site "Stavanger NOR"]
[Date "2016.04.20"]
[Round "2.5"]
[White "Eljanov,P"]
[Black "Harikrishna,P"]
[Result "1/2-1/2"]
[WhiteElo "2765"]
[BlackElo "2763"]

1.d4 Nf6 2.c4 e6 3.Nc3 Bb4 4.f3 c5 5.d5 b5 6.e4 O-O 7.Nh3 d6 8.Nf4 e5 9.Ne2 Nh5
10.g4 Qh4+ 11.Kd2 Nf4 12.Nxf4 exf4 13.Kc2 bxc4 14.Bxf4 Qf6 15.Qd2 Nd7 16.Be2 Qe7
17.Bxc4 Rb8 18.b3 Nb6 19.Qd3 Bd7 20.Bd2 Nxc4 21.bxc4 Rb6 22.Rhb1 Rfb8 23.a3 Bxc3
24.Bxc3 Ba4+ 25.Kc1 h5 26.Rxb6 Rxb6 27.Rb1 hxg4 28.f4 Rxb1+ 29.Kxb1 Qb7+
30.Bb2 Qb3 31.Qxb3 Bxb3 32.e5 dxe5 33.d6 Kf8 34.Bxe5 g6 35.d7 Ke7 36.Kb2 Bxc4
37.Kc3 Bb5 38.Bd6+ Kxd7 39.Bxc5 Ke6 40.Kd4 a6 41.Ke3 Bc6 42.Bb4 Bb5 43.Bc5 Bc6
44.Bb4 Bb5 45.Bc5  1/2-1/2